书目信息 |
| 题名: |
AI视觉艺术
|
|
| 作者: | 靳中维 , 刘珂敏 编著 | |
| 分册: | ||
| 出版信息: | 北京 人民邮电出版社 2025.05 |
|
| 页数: | 200页 | |
| 开本: | 26cm | |
| 丛书名: | ||
| 单 册: | ||
| 中图分类: | TP391.413 | |
| 科图分类: | ||
| 主题词: | 图像处理软件--tu xiang chu li ruan jian | |
| 电子资源: | ||
| ISBN: | 978-7-115-66209-5 | |
| 000 | 01742nam0 2200301 450 | |
| 001 | 90723 | |
| 005 | 20250816092657.45 | |
| 010 | @a978-7-115-66209-5@dCNY79.80 | |
| 100 | @a20250625d2025 em y0chiy50 ea | |
| 101 | 0 | @achi |
| 102 | @aCN@b110000 | |
| 105 | @aa z 000yy | |
| 106 | @ar | |
| 200 | 1 | @aAI视觉艺术@AAI shi jue yi shu@eMidjourney创作从入门到应用@f靳中维, 刘珂敏编著 |
| 205 | @a第2版 | |
| 210 | @a北京@c人民邮电出版社@d2025.05 | |
| 215 | @a200页@c彩图@d26cm | |
| 300 | @a数艺设 | |
| 314 | @a靳中维, 拥有近20年的娱乐业设计经验, 带领团队参与设计影视剧项目近50部, 主题公园项目十几个, 舞台项目数十个。代表作品有电影《美人鱼》《小Q》《西游?降魔篇》《白蛇传说》等, 电视剧《莽荒纪》《太古神王》等。参与设计的作品多次荣获金像奖、金马奖最佳美术和最佳视觉效果奖及提名。刘珂敏, 视觉设计师, 参与过多部影视剧和舞台剧的设计。代表作品有舞台剧《封神演义·炫战》《梦蝶》《丁香仙境》《丽江千古情》《炭河千古情》等, 动漫作品《山海荒域》等。 | |
| 330 | @a本书共3章, 第1章为Midjourney简介, 带领读者初步认识AI艺术和Midjourney, 介绍了Midjourney的安装和简单操作 ; 第2章为Midjourney入门, 介绍了如何设置提示词, 以及Midjourney的相关参数设置、指令工具和出图方式 ; 第3章为Midjourney实战, 包括生成设计作品、生成绘画作品和生成摄影作品。本书详细介绍了Midjourney的基本功能、操作方法和实际应用, 没有美术基础, 甚至没有英语基础的读者在阅读本书后, 也可以使用Midjourney创作出属于自己的作品。 | |
| 517 | 1 | @aMidjourney创作从入门到应用@AMidjourney chuang zuo cong ru men dao ying yong |
| 606 | 0 | @a图像处理软件@Atu xiang chu li ruan jian |
| 610 | 0 | @aMidjourney |
| 690 | @aTP391.413@v5 | |
| 701 | 0 | @a靳中维@Ajin zhong wei@4编著 |
| 701 | 0 | @a刘珂敏@Aliu ke min@4编著 |
| 801 | 0 | @aCN@c20250909 |
| 905 | @a河南城建学院图书馆@dTP391.413@eJ859=2@f1 | |
| AI视觉艺术:Midjourney创作从入门到应用/靳中维, 刘珂敏编著.-第2版.-北京:人民邮电出版社,2025.05 |
| 200页:彩图;26cm |
| 数艺设 |
| ISBN 978-7-115-66209-5:CNY79.80 |
| 本书共3章, 第1章为Midjourney简介, 带领读者初步认识AI艺术和Midjourney, 介绍了Midjourney的安装和简单操作 ; 第2章为Midjourney入门, 介绍了如何设置提示词, 以及Midjourney的相关参数设置、指令工具和出图方式 ; 第3章为Midjourney实战, 包括生成设计作品、生成绘画作品和生成摄影作品。本书详细介绍了Midjourney的基本功能、操作方法和实际应用, 没有美术基础, 甚至没有英语基础的读者在阅读本书后, 也可以使用Midjourney创作出属于自己的作品。 |
| ● |
| 相关链接 |
|
|
|
正题名:AI视觉艺术
索取号:TP391.413/J859=2
 
预约/预借
| 序号 | 登录号 | 条形码 | 馆藏地/架位号 | 状态 | 备注 |
| 1 | 1624685 | 216246854 | 自科库301/301自科库 105排1列5层/ [索取号:TP391.413/J859=2] | 在馆 |